Fresh Fruit Dishes - Sudden Death - Statistics

General Stats
  • This quiz has been taken 111 times
  • The average score is 8 of 16
Answers on the Grid
Answers color-coded by a green-red scale on the quiz's grid according to % correct below.
Guacamole
Strawberry sorbet
Bananas Foster
Mango sticky rice
Blueberry pie
Chausson aux pommes
Pkhali
Key lime pie
Flying Jacob
Birnen, Bohnen und Speck
Riz Casimir
Buntil
Tanghulu
Hawaiian pizza
Greek salad
Waldorf salad
Brownie
Gooey butter cake
Quiche Lorraine
Medianoche
Merveilleux
Šakotis
Tiramisu
Financier
Riz sauce feuille
Tamagoyaki
Cacio e pepe
Sōmen salad
 
Answer Stats
Answer % Correct
Blueberry pie
82%
Key lime pie
80%
Mango sticky rice
78%
Strawberry sorbet
78%
Bananas Foster
71%
Hawaiian pizza
71%
Guacamole
61%
Waldorf salad
57%
Chausson aux pommes
52%
Greek salad
43%
Tanghulu
28%
Flying Jacob
20%
Birnen, Bohnen und Speck
18%
Riz Casimir
16%
Pkhali
10%
Buntil
9%
No matching quizzes found
Score Distribution
Percent of People with Each Score
Percentile by Number Answered
Your Score History
You have not taken this quiz